000 00599nam a2200265Ia 4500
005 20260306164214.0
008 008 260114s9999 xx 000 0 eng d
020 _a9780823253036
037 _aEBOOK
040 _aCRL
040 _beng
040 _cCRL
041 _2eng
041 _aeng
084 _qCRL
100 _aOliver
245 0 _aTechnologies Of Life And Death
260 _bFordham University Press
260 _c2014
650 _aPhilosophy
856 _uhttps://academic.oup.com/book/13006
942 _cEBOOK
999 _c1713175
_d1713175